A short history of myth / (Record no. 329655)

000 -LEADER
fixed length control field 02130cam a2200361 a 4500
001 - CONTROL NUMBER
control field 14275570
003 - CONTROL NUMBER IDENTIFIER
control field NUST
005 - DATE AND TIME OF LATEST TRANSACTION
control field 20170516181336.0
008 - FIXED-LENGTH DATA ELEMENTS--GENERAL INFORMATION
fixed length control field 050415s2005 stk b 000 0 eng d
010 ## - LIBRARY OF CONGRESS CONTROL NUMBER
LC control number 2006372915
015 ## - NATIONAL BIBLIOGRAPHY NUMBER
National bibliography number GBA569267
Source bnb
016 7# - NATIONAL BIBLIOGRAPHIC AGENCY CONTROL NUMBER
Record control number 013274602
Source Uk
020 ## - INTERNATIONAL STANDARD BOOK NUMBER
International Standard Book Number 1841956449 (hard)
020 ## - INTERNATIONAL STANDARD BOOK NUMBER
International Standard Book Number 184195716X (pbk.)
020 ## - INTERNATIONAL STANDARD BOOK NUMBER
International Standard Book Number 9781841957166
035 ## - SYSTEM CONTROL NUMBER
System control number (OCoLC)ocm61302632
040 ## - CATALOGING SOURCE
Original cataloging agency UKM
Transcribing agency UKM
Modifying agency C#P
-- BAKER
-- XY4
-- SYB
-- BUR
-- DLC
042 ## - AUTHENTICATION CODE
Authentication code lccopycat
050 00 - LIBRARY OF CONGRESS CALL NUMBER
Classification number BL312
Item number .A76 2005
082 00 - DEWEY DECIMAL CLASSIFICATION NUMBER
Classification number 201.309
Edition number 22
Author Mark ARM
100 1# - MAIN ENTRY--PERSONAL NAME
Personal name Armstrong, Karen,
Dates associated with a name 1944-
9 (RLIN) 945
245 12 - TITLE STATEMENT
Title A short history of myth /
Statement of responsibility, etc. Karen Armstrong.
250 ## - EDITION STATEMENT
Edition statement 1st American ed.
260 ## - PUBLICATION, DISTRIBUTION, ETC.
Place of publication, distribution, etc. Edinburgh ;
-- New York :
Name of publisher, distributor, etc. Canongate,
Date of publication, distribution, etc. 2005.
300 ## - PHYSICAL DESCRIPTION
Extent 165 p. ;
Dimensions 21 cm.
504 ## - BIBLIOGRAPHY, ETC. NOTE
Bibliography, etc. note Includes bibliographical references (p. 151-159).
505 0# - FORMATTED CONTENTS NOTE
Formatted contents note What is a myth? -- Palaeolithic Period : Mythology of the hunters (c. 20000 to 8000 BCE) -- Neolithic Period : Mythology of the farmers (c. 8000 to 4000 BCD) -- Early civilisations (c. 4000 to 800 BCE) -- Axial Age (c. 800 to 200 BCE) -- Post-Axial Period (c. 200 BCE to c. 1500 CE) -- Great Western Transformation (c. 1500 to 2000).
520 ## - SUMMARY, ETC.
Summary, etc. Human beings have always been mythmakers. Theologian Armstrong here investigates myth: what it is, how it has evolved, and why we still so desperately need it. She takes us from the Paleolithic period and the myths of the hunters, up to the Great Western Transformation of the last five hundred years and the discrediting of myth by science. The history of myth is the history of humanity, our stories and beliefs, our curiosity and attempts to understand the world, which link us to our ancestors and each other.--From publisher description.
650 #0 - SUBJECT ADDED ENTRY--TOPICAL TERM
Topical term or geographic name entry element Myth
General subdivision History.
9 (RLIN) 947
856 41 - ELECTRONIC LOCATION AND ACCESS
Materials specified Table of contents only
Uniform Resource Identifier <a href="http://www.loc.gov/catdir/toc/fy0714/2006372915.html">http://www.loc.gov/catdir/toc/fy0714/2006372915.html</a>
906 ## - LOCAL DATA ELEMENT F, LDF (RLIN)
a 7
b cbc
c copycat
d 2
e ncip
f 20
g y-gencatlg
942 ## - ADDED ENTRY ELEMENTS (KOHA)
Source of classification or shelving scheme
Koha item type Book
Holdings
Withdrawn status Lost status Source of classification or shelving scheme Damaged status Not for loan Permanent Location Current Location Date acquired Total Checkouts Full call number Barcode Date last seen Date last checked out Price effective from Koha item type
          School of Civil and Environmental Engineering (SCEE) School of Civil and Environmental Engineering (SCEE) 05/16/2017 1 201.309 ARM NIT-9119 03/15/2024 12/21/2023 05/16/2017 Book
© 2023 Central Library, National University of Sciences and Technology. All Rights Reserved.